Arcs de Hunter X Hunter - Statistiques

Statistiques générales
  • Ce quiz a été pris 56 fois
  • Le résultat moyen est 4 sur 8
Statistiques - réponses
Arcs de Hunter X Hunter % Correct
Greed Island
86%
Examen Hunter
82%
Fourmis-Chimères
69%
York Shin City
57%
Tour Céleste
49%
Elections
33%
Continent caché
14%
Kukuru Mountain
10%
Aucun quiz correspondant
Distribution des résultats
% des personnes avec chaque résultat
Percentile par nombre de réponses
Votre historique - résultats
Vous n’avez pas pris ce quiz